<?xml version="1.0" encoding="UTF-8"?>
<record
    xmlns:xsi="http://www.w3.org/2001/XMLSchema-instance"
    xsi:schemaLocation="http://www.loc.gov/MARC21/slim http://www.loc.gov/standards/marcxml/schema/MARC21slim.xsd"
    xmlns="http://www.loc.gov/MARC21/slim">

  <leader>00748naa a2200205 a 4500</leader>
  <controlfield tag="001"> 80295</controlfield>
  <controlfield tag="003">BD-RjUL</controlfield>
  <controlfield tag="005">20220904121706.0</controlfield>
  <controlfield tag="008">220904s1959    p  ||||| |||| 00| 0 u   d</controlfield>
  <datafield tag="035" ind1=" " ind2=" ">
    <subfield code="a">(BD-RjUL) 80295</subfield>
  </datafield>
  <datafield tag="040" ind1=" " ind2=" ">
    <subfield code="a">BD-RjUL</subfield>
    <subfield code="b">eng</subfield>
    <subfield code="c">BD-RjUL</subfield>
  </datafield>
  <datafield tag="041" ind1=" " ind2=" ">
    <subfield code="a">urd</subfield>
  </datafield>
  <datafield tag="082" ind1=" " ind2=" ">
    <subfield code="2">23</subfield>
    <subfield code="a">297</subfield>
    <subfield code="b">SHU 1959</subfield>
  </datafield>
  <datafield tag="100" ind1="1" ind2=" ">
    <subfield code="a"> Shirwani,  Muhammad Habib-ur-Rehman Khan   ;;  &#x634;&#x631;&#x648;&#x627;&#x646;&#x6CC;,  &#x645;&#x62D;&#x645;&#x62F; &#x62D;&#x628;&#x64A;&#x628; &#x627;&#x644;&#x631;&#x62D;&#x645;&#x646; &#x62E;&#x627;&#x646;</subfield>
    <subfield code="9">4623</subfield>
  </datafield>
  <datafield tag="245" ind1="1" ind2="0">
    <subfield code="a"> &#x639;&#x644;&#x645;&#x627;&#x626;&#x6D2; &#x633;&#x644;&#x641; &#x648; &#x646;&#x627;&#x628;&#x6CC;&#x646;&#x627; &#x639;&#x644;&#x645;&#x627;&#x621; /// ulama salf  wa  Nabiena  ulama    / </subfield>
    <subfield code="c">Muhammad Habib Rahman Khan Sherwani //// &#x645;&#x62D;&#x645;&#x62F; &#x62D;&#x628;&#x64A;&#x628; &#x627;&#x644;&#x631;&#x62D;&#x645;&#x646; &#x62E;&#x627;&#x646; &#x634;&#x631;&#x648;&#x627;&#x646;&#x6CC;</subfield>
  </datafield>
  <datafield tag="260" ind1=" " ind2=" ">
    <subfield code="a">Lahore :</subfield>
    <subfield code="b">Sazzad pab ,</subfield>
    <subfield code="c">1959</subfield>
  </datafield>
  <datafield tag="300" ind1=" " ind2=" ">
    <subfield code="a">132,+31 p. ;</subfield>
    <subfield code="c">22 cm</subfield>
  </datafield>
  <datafield tag="650" ind1=" " ind2=" ">
    <subfield code="a">Islam</subfield>
  </datafield>
  <datafield tag="942" ind1=" " ind2=" ">
    <subfield code="2">ddc</subfield>
    <subfield code="c">BK</subfield>
  </datafield>
  <datafield tag="999" ind1=" " ind2=" ">
    <subfield code="c">80295</subfield>
    <subfield code="d">80295</subfield>
  </datafield>
  <datafield tag="952" ind1=" " ind2=" ">
    <subfield code="0">0</subfield>
    <subfield code="1">0</subfield>
    <subfield code="2">ddc</subfield>
    <subfield code="4">0</subfield>
    <subfield code="7">1</subfield>
    <subfield code="8">NFIC</subfield>
    <subfield code="a">RUCL</subfield>
    <subfield code="b">RUCL</subfield>
    <subfield code="c">Reading</subfield>
    <subfield code="d">1973-10-18</subfield>
    <subfield code="e">Quan manjil, Rajshahi</subfield>
    <subfield code="g">2.00</subfield>
    <subfield code="l">0</subfield>
    <subfield code="o">U 297 SHU 1959</subfield>
    <subfield code="r">2022-09-04 00:00:00</subfield>
    <subfield code="t">C-1</subfield>
    <subfield code="w">2022-09-04</subfield>
    <subfield code="y">BK</subfield>
  </datafield>
</record>
